Идея соборности в хоровом и симфоническом творчестве С.И.Танеева (Запись № 1169904)

Подробности
000 -МАРКЕР
контрольное поле 01945nam0a2200349 4500
001 - ИДЕНТИФИКАТОР ЗАПИСИ
контрольное поле RU\NLR\bibl\810030
005 - ИДЕНТИФИКАТОР ВЕРСИИ
контрольное поле 20260215060005.0
010 ## - МЕЖДУНАРОДНЫЙ СТАНДАРТНЫЙ НОМЕР КНИГИ (ISBN)
Номер (ISBN) 5-7638-0553-4
Тираж 500
021 ## - НОМЕР ГОСУДАРСТВЕННОЙ РЕГИСТРАЦИИ
Код страны Российская Федерация
Номер 2005-14928
Номер Листа государственной регистраци 757
035 ## - ДРУГИЕ СИСТЕМНЫЕ НОМЕРА
Идентификатор записи (NLR Aleph) 000799106
100 ## - ДАННЫЕ ОБЩЕЙ ОБРАБОТКИ
Данные общей обработки 20050616d2004 |||y0rusy50 ca
101 0# - ЯЗЫК РЕСУРСА
Язык текста, звукозаписи и т.д. русский
102 ## - СТРАНА ПУБЛИКАЦИИ ИЛИ ПРОИЗВОДСТВА
Страна публикации Российская Федерация
105 ## - ПОЛЕ КОДИРОВАННЫХ ДАННЫХ: ТЕКСТОВЫЕ МАТЕРИАЛЫ, МОНОГРАФИЧЕСКИЕ
Кодированные данные о монографическом текстовом документе a |||||||||
200 1# - ЗАГЛАВИЕ И СВЕДЕНИЯ ОБ ОТВЕТСТВЕННОСТИ
Основное заглавие Идея соборности в хоровом и симфоническом творчестве С.И.Танеева
Сведения, относящиеся к заглавию монография
Первые сведения об ответственности Г. Аминова
Последующие сведения об ответственности М-во образования и науки Рос. Федерации, Краснояр. гос. ун-т
210 ## - ПУБЛИКАЦИЯ, РАСПРОСТРАНЕНИЕ И ДР.
Место издания, распространения и т.д. Красноярск
Имя издателя, распространителя и т. д. издательский центр Красноярского государственного университета
Дата издания, распространения и т.д. 2004
215 ## - ФИЗИЧЕСКАЯ ХАРАКТЕРИСТИКА
Специфическое обозначение материала и объем 140 с.
Другие сведения о физической характеристике портр., нот.
Размеры 20
320 ## - ПРИМЕЧАНИЯ О НАЛИЧИИ В ДОКУМЕНТЕ БИБЛИОГРАФИИ / УКАЗАТЕЛЯ
Текст примечания Библиогр.: с. 136-140 (85 назв.)
604 ## - ИМЯ И ЗАГЛАВИЕ КАК ПРЕДМЕТ
Связываемые данные 200#1$aТанеев$gСергей Иванович$bС.И.$f1856 - 1915
-- 2351#$aХоровые произведения
Имя лица Танеев, Сергей Иванович (1856 - 1915)
Заглавие Хоровые произведения
Идентификатор авторитетной/нормативной записи RU\NLR\AUTH\661086117
Системный номер авторитетной/нормативной записи 1763231
604 ## - ИМЯ И ЗАГЛАВИЕ КАК ПРЕДМЕТ
Связываемые данные 200#1$aТанеев$bС.И.$gСергей Иванович$f1856-1915
-- 2351#$aСимфонические произведения
Имя лица Танеев, Сергей Иванович (1856-1915)
Заглавие Симфонические произведения
Идентификатор авторитетной/нормативной записи RU\NLR\AUTH\661423386
Системный номер авторитетной/нормативной записи 2386312
606 1# - НАИМЕНОВАНИЕ ТЕМЫ КАК ПРЕДМЕТ
Наименование темы Соборность в музыке
Системный номер авторитетной/нормативной записи 2386331
Идентификатор авторитетной/нормативной записи RU\NLR\auth\661423397
686 ## - ИНДЕКСЫ ДРУГИХ КЛАССИФИКАЦИЙ
Индекс Щ310.06
686 ## - ИНДЕКСЫ ДРУГИХ КЛАССИФИКАЦИЙ
Индекс Щ313(2Р=Рус)53-81Танеев4
700 #1 - ИМЯ ЛИЦА - ПЕРВИЧНАЯ ОТВЕТСТВЕННОСТЬ
Код отношения Автор
Графика поля Кириллица
Материалы, к которым относится поле rus
Начальный элемент ввода Лукина
Часть имени, кроме начального элемента ввода Г. У.
Расширение инициалов личного имени Галима Ураловна
Системный номер авторитетной/нормативной записи 154710
Идентификатор авторитетной/нормативной записи RU\NLR\AUTH\770154748
801 #0 - ИСТОЧНИК ЗАПИСИ
Страна Российская Федерация
Организация NLR
Дата составления 20050616
Правила каталогизации rcr
801 #1 - ИСТОЧНИК ЗАПИСИ
Страна Российская Федерация
Организация NLR
Дата составления 20050616
830 ## - ОБЩЕЕ ПРИМЕЧАНИЕ, СОСТАВЛЕННОЕ КАТАЛОГИЗАТОРОМ
Текст примечания авт. по кн.
942 ## - ДОПОЛНИТЕЛЬНЫЕ ЭЛЕМЕНТЫ ЗАПИСИ (АБИС)
Тип экземпляра АБИС Книга
980 ## - КОЛЛЕКЦИЯ
Название коллекции Национальная библиография
Экземпляры
Тип экземпляра Дата поступления Источник поступления Библиотека постоянного хранения Библиотека текущего хранения Место хранения Шифр хранения Штрих-код Статус экземпляра
Книга 16.06.2005 Обязательный экземпляр РНБ (Московский) РНБ (Московский) Русский книжный фонд: издания с 1957 года 2005-3/16130 939101  
Книга 16.06.2005 Обязательный экземпляр РНБ (Московский) РНБ (Московский) Русский книжный фонд: издания с 1957 года 2005-3/16130 939102